[Event "39th Citta Arco Open 2017"]
[Site "Arco"]
[Date "2017.10.09"]
[Round "2.1"]
[White "Petrov, Nikita"]
[Black "Ager, Josef"]
[Result "1-0"]
[WhiteElo "2564"]
[BlackElo "2109"]
[Annotator "TA"]
[PlyCount "89"]
[EventType "swiss"]
[EventCountry "ITA"]

{[%evp 14,89,25,15,15,7,31,17,25,36,38,0,5,7,44,41,66,17,1,9,48,48,45,45,49,49,73,57,79,50,55,36,37,36,51,35,56,16,41,0,0,0,67,54,64,8,91,87,86,97,132,141,158,41,101,35,30,30,29,0,52,53,43,18,121,10,10,0,284,269,309,108,109,98,450,377,879,755]} 1. e4 e5 2. Nf3 Nc6 3. Bc4 Nf6 4. d3 Be7 5. O-O d6 6. a4 {[%cal Ba2a4,Ba4a5,Ba5a6][%mdl 32]} O-O {C55: Two Knights: 4 d3, 4 d4 exd4 5 e5 and Max Lange Attack} (6... Bg4 7. h3 Bh5 8. c3 Qd7 9. Re1 O-O-O 10. a5 a6 11. b4 g5 12. b5 Nb8 13. bxa6 Nxa6 14. d4 {1-0 (26) Anand,V (2779)-Naiditsch,A (2687) Doha 2016}) 7. a5 Be6 8. Nbd2 {LiveBook: 3 Games} b6 {The position is equal.} 9. a6 Rb8 $146 ({Predecessor:} 9... Bxc4 10. Nxc4 Qd7 11. c3 Nd8 12. Ne3 Ne6 13. Re1 Rae8 14. Nf5 {1-0 (28) Zhou,Y (2438)-Sreeves,C (2209) London 2012}) 10. c3 b5 11. Bxe6 fxe6 12. d4 exd4 13. cxd4 d5 14. e5 Ne4 15. Qc2 Nb4 16. Qb1 Ng5 17. Nxg5 Bxg5 18. Nb3 Be7 19. Bd2 Qd7 20. Rc1 {[%cal Bf1c1,Bc1c2,Bc2f2][%mdl 32]} Rfc8 21. Bxb4 Bxb4 22. Qd3 c6 23. f4 g6 24. Rc2 Rf8 25. Rf2 Rf7 26. Qc2 Rb6 27. g4 Qe7 (27... Qc8 $11) 28. Kh1 $14 Qh4 29. Qe2 (29. Rg1 $1 $14) 29... Rb8 {[#]} (29... Be7 $11) 30. Nc1 $1 $16 Be7 31. Nd3 b4 32. Rg1 Rbf8 33. Qc2 (33. Rf3 $16) 33... Rc8 (33... c5 $14) 34. Rg3 ({White should play} 34. Rf3 $16) 34... c5 $14 35. dxc5 Bxc5 36. Nxc5 {aiming for f5.} Rfc7 (36... Qe7 $11) 37. Qa4 Rxc5 38. Qd7 R8c6 (38... R5c6 $1 $11) 39. Qe8+ ({Better is} 39. Kg2 $16) 39... Kg7 $11 40. Qd7+ Kf8 $2 {[%mdl 8192]} (40... Kg8 $1 $11 {and Black is okay.}) 41. Qxa7 $18 Qe7 {[#]} 42. Qb8+ $2 (42. Qxe7+ $1 $18 {is the precise move to win.} Kxe7 43. a7) 42... Rc8 $16 43. a7 Qd8 $2 {[%mdl 8192]} (43... Qc7 $16 {is more resistant.} 44. Qxb4 Qxa7) 44. Qxb4 $18 Qe7 $2 (44... Kg8 45. Rc3 Rxc3) 45. Rc3 {Precision: White = 35%, Black = 30%.} 1-0

[Event "39th Citta Arco Open 2017"]
[Site "Arco"]
[Date "2017.10.09"]
[Round "2.2"]
[White "Zucchelli, Massimo"]
[Black "Horvath, Csaba"]
[Result "0-1"]
[WhiteElo "2108"]
[BlackElo "2507"]
[Annotator "TA"]
[PlyCount "36"]
[EventType "swiss"]
[EventCountry "ITA"]

{[%evp 23,36,-12,-15,-48,-41,-68,-64,-61,-66,-67,-70,-73,-67,-301,-319]} 1. d4 Nf6 2. c4 e6 3. Nc3 Bb4 4. e3 O-O 5. Bd3 c5 6. Nge2 d5 7. O-O dxc4 8. Bxc4 Nc6 9. a3 Bxc3 10. bxc3 Qc7 11. Bd3 {E49: Nimzo-Indian: Rubinstein: 5 Bd3 d5 6 a3 Bxc3+ 7 bxc3} (11. Ba2 b6 12. Bb2 Ba6 {½-½ (12) Andreikin,D (2720)-Karjakin,S (2762) Baku 2015}) 11... e5 12. Qc2 Be6 {LiveBook: 9 Games} 13. dxc5 {The position is equal.} Na5 14. c4 Qxc5 15. Bd2 {[#] Threatening Bb4.} Rfc8 $146 {[%cal Re6c4]} ({Predecessor:} 15... Rfd8 16. Bb4 Qc7 17. c5 Nb3 18. Rab1 a5 19. Bc4 Bxc4 20. Qxc4 axb4 21. Qxb3 bxa3 22. Rfc1 Ne4 23. Ra1 Nxc5 24. Qc3 Qa5 25. Qxc5 Rd1+ {0-1 (25) Colin,V (2336)-Palac,M (2580) Cannes 2002}) 16. Bb4 Qc7 17. Bxa5 Qxa5 18. Rfb1 $2 {[#]} ({White should play} 18. Ng3 $15) 18... e4 $1 {[%mdl 512]} 0-1

[Event "39th Citta Arco Open 2017"]
[Site "Arco"]
[Date "2017.10.09"]
[Round "2.4"]
[White "Tocco, Paolo"]
[Black "Kasparov, Sergey"]
[Result "1/2-1/2"]
[WhiteElo "2097"]
[BlackElo "2450"]
[Annotator "TA"]
[PlyCount "81"]
[EventType "swiss"]
[EventCountry "ITA"]

{[%evp 9,81,-3,0,0,0,0,0,15,17,0,17,-1,14,14,7,-6,-6,-2,0,-3,1,-22,-19,-21,-12,-21,-21,-21,-9,-27,-30,-24,-24,-30,-21,-21,-20,-35,-35,-41,-35,-60,-41,-65,-7,-7,-8,-7,0,0,0,0,0,0,0,0,0,0,0,0,0,0,0,0,0,0,0,0,0,0,0,0,0,0]} 1. f4 d5 2. Nf3 Nf6 3. g3 g6 4. Bg2 Bg7 5. O-O b6 {LiveBook: 18 Partien} 6. Ne5 {A03: Bird-Eröffnung} Bb7 7. c4 e6 (7... O-O 8. Nc3 c5 9. Qa4 e6 10. d3 Qe7 11. e4 Rd8 12. Re1 dxc4 13. dxc4 Nfd7 {1-0 (29) Zufic,M (2453)-Biliskov,V (2342) Zadar 2014}) 8. d4 O-O 9. Nc3 Nbd7 10. e3 $146 ({Vorgänger:} 10. Qa4 c5 11. cxd5 cxd4 12. dxe6 Nc5 13. e7 Qxe7 14. Qxd4 Bxg2 15. Kxg2 {½-½ (37) Zwardon,V (2254)-Kuchynka,L (2317) Kouty nad Desnou 2010}) 10... Ne4 11. Nxe4 dxe4 12. Qc2 f5 13. Rd1 Nxe5 14. dxe5 Qe7 15. b3 Rfd8 16. Bb2 g5 17. Rxd8+ Rxd8 18. Rd1 g4 19. Rd2 Bf8 20. Qd1 Rxd2 21. Qxd2 Bc6 22. Bf1 h5 23. Bc3 a5 24. Qf2 Qd7 25. Qd2 Bc5 26. Kf2 Qe8 (26... Qxd2+ $15 27. Bxd2 Kf8) 27. b4 $11 {Die Stellung ist ausgeglichen.} axb4 28. Bxb4 Bxb4 29. Qxb4 Kf7 30. a3 Qd8 31. Ke1 h4 32. c5 hxg3 33. hxg3 Bd5 34. cxb6 cxb6 35. Bc4 (35. Kf2 {with more complications.} Kg6 36. a4 Qc8 37. Qe7 Qc2+ 38. Kg1) 35... Bxc4 36. Qxc4 {KD-KD} Qd7 37. a4 Qa7 38. Ke2 Qd7 39. Ke1 Qe7 40. Ke2 Qd8 41. Ke1 {Precision: Weiß = 61%, Schwarz = 69%.} 1/2-1/2

[Event "39th Citta Arco Open 2017"]
[Site "Arco"]
[Date "2017.10.09"]
[Round "2.5"]
[White "Bevilacqua, Maurizio"]
[Black "Almasi, Istvan"]
[Result "0-1"]
[WhiteElo "2093"]
[BlackElo "2421"]
[Annotator "TA"]
[PlyCount "66"]
[EventType "swiss"]
[EventCountry "ITA"]

{[%evp 17,66,-4,18,-62,-74,-53,-73,-70,-48,-57,-56,-53,-50,-55,-36,-35,43,32,45,15,15,15,16,17,20,-21,-15,-12,-15,-7,-18,-253,-240,-333,-335,-372,-367,-366,-355,-1126,-422,-403,-387,-29989,-29990,-29988,-498,-12839,-12838,-29995,-29995]} 1. c4 Nf6 2. g3 c5 3. Bg2 d5 4. cxd5 Nxd5 5. Nc3 Nc7 6. Nf3 Nc6 7. O-O e5 8. d3 Be7 9. Be3 O-O {LiveBook: 128 Games} 10. a4 {A34: Symmetrical English: 2 Nc3, lines with ...d5} (10. Nd2 $11) (10. Nd2 Bd7 11. a4 Kh8 12. a5 Rc8 13. Qb3 Rb8 14. Rfc1 Ne6 15. Nc4 Ned4 16. Qd1 b5 17. axb6 axb6 18. Bxd4 exd4 {1-0 (43) Mamedov,R (2658)-Wagner,D (2549) Moscow 2015}) 10... Be6 $15 11. Nd2 $146 ({Predecessor:} 11. a5 Rc8 12. Qa4 f6 13. Nd2 Na6 14. Rfc1 Rc7 15. Nb5 Rd7 16. Ne4 c4 17. Nxa7 Nxa7 18. Bxa7 cxd3 19. exd3 Rxd3 {1-0 (39) Kurayan,R (2303)-Colin,V (2410) Condom 2011}) 11... f5 {[#] aiming for ...f4.} 12. Nc4 {Black is better.} Nd5 13. Nxd5 Bxd5 14. Rc1 Bxg2 15. Kxg2 f4 16. Bd2 f3+ ({Black should play} 16... Rf6 $15) 17. exf3 $14 Nd4 18. Re1 Nxf3 19. Re3 Nxd2 20. Nxd2 Bg5 21. Rxe5 Rxf2+ $1 ({But not} 21... Qf6 $2 22. f4 $18) 22. Kxf2 Qd4+ 23. Kg2 Qxe5 24. Qb3+ $2 (24. Nf3 $11 {and White has nothing to worry.} Qd5 25. Rc4) 24... Kh8 $19 25. Qxb7 Rd8 26. Rc2 {Threatens to win with Nf3.} Qe2+ 27. Kh3 Bxd2 28. Rxc5 $2 (28. Qf7) 28... Qf1+ (28... g5 $142 29. Qf7 g4+ 30. Kh4 Qxh2+ 31. Kxg4 Rg8+ 32. Qxg8+ Kxg8) 29. Qg2 Qxd3 {White must now prevent ...Qd7+.} 30. Rb5 $2 {[#]} (30. Qc6 $19) 30... Qd7+ 31. g4 Qe7 (31... Qd3+ $142 32. Qg3 Qf1+ 33. Kh4 Be1 34. Rb3 Qf6+ 35. Kh3 Qh6+ 36. Kg2 Rd2+ 37. Kf3 Qc6+ 38. Ke3 Qe6+ 39. Kf3 Qe2+ 40. Kf4 Rd4+ 41. Kg5 Rd5+ 42. Kh4 Qxh2#) 32. Rd5 (32. Qf3 $142) 32... Qe3+ 33. Kh4 Be1+ {Precision: White = 22%, Black = 57%.} 0-1

[Event "39th Citta Arco Open 2017"]
[Site "Arco"]
[Date "2017.10.09"]
[Round "2.6"]
[White "Gaprindashvili, Valeriane"]
[Black "Giancotti, Eraldo"]
[Result "1-0"]
[WhiteElo "2352"]
[BlackElo "2094"]
[Annotator "ChessBase"]
[PlyCount "67"]
[EventType "swiss"]
[EventCountry "ITA"]
[TimeControl "40/5400+30:1800+30"]

1. Nf3 {[%emt 0:00:30]} Nf6 {[%emt 0:02:00]} 2. d4 {[%emt 0:00:30]} e6 {[%emt 0:00:30]} 3. e3 {[%emt 0:00:30]} b6 {[%emt 0:01:30]} 4. c4 {[%emt 0:00:30]} Bb4+ {[%emt 0:00:30]} 5. Nc3 {[%emt 0:00:30]} Bb7 {[%emt 0:01:30]} 6. Bd3 {[%emt 0:00:00]} O-O {[%emt 0:00:30]} 7. O-O {[%emt 0:00:00]} c5 {[%emt 0:02:30]} 8. d5 {[%emt 0:05:30]} Bxc3 {[%emt 0:02:30]} 9. bxc3 {[%emt 0:00:00]} exd5 {[%emt 0:00:30]} 10. cxd5 {[%emt 0:00:00]} Bxd5 {[%emt 0:03:30]} 11. c4 {[%emt 0:01:30]} Bb7 {[%emt 0:07:30]} 12. Bb2 {[%emt 0:00:30]} Nc6 {[%emt 0:04:30]} 13. Ng5 {[%emt 0:04:30]} Nb4 {[%emt 0:08:30]} 14. Bxf6 {[%emt 0:06:30]} Qxf6 {[%emt 0:03:30]} 15. Bxh7+ {[%emt 0:00:30]} Kh8 {[%emt 0:00:30]} 16. f4 {[%emt 0:01:30]} Rad8 {[%emt 0:06:30]} 17. a3 {[%emt 0:03:30]} Nc6 {[%emt 0:01:30]} 18. Be4 {[%emt 0:03:30]} g6 {[%emt 0:03:30]} 19. h4 {[%emt 0:02:30]} d5 {[%emt 0:05:30]} 20. Bxd5 {[%emt 0:03:30]} Na5 {[%emt 0:05:30]} 21. Qf3 {[%emt 0:02:30]} Ba6 {[%emt 0:06:30]} 22. Rac1 {[%emt 0:02:30]} Kg7 {[%emt 0:01:30]} 23. f5 {[%emt 0:03:30]} gxf5 {[%emt 0:04:30]} 24. Qg3 {[%emt 0:01:30]} Kh8 {[%emt 0:01:30]} 25. Qc7 {[%emt 0:04:30]} Rxd5 {[%emt 0:01:30]} 26. cxd5 {[%emt 0:00:00]} Bxf1 {[%emt 0:00:30]} 27. Rxf1 {[%emt 0:00:00]} Nc4 {[%emt 0:04:30]} 28. Qf4 {[%emt 0:04:30]} b5 {[%emt 0:01:30]} 29. Ne4 {[%emt 0:02:30]} Qg7 {[%emt 0:01:48]} 30. Nxc5 {[%emt 0:05:30]} Rg8 {[%emt 0:04:26]} 31. Rf2 {[%emt 0:00:00]} Ne5 {[%emt 0:03:47]} 32. Qxf5 {[%emt 0:01:00]} Qg3 {[%emt 0:05:42]} 33. Qh5+ {[%emt 0:01:30]} Kg7 {[%emt 0:00:05]} 34. Ne4 {[%emt 0:00:30]} 1-0

[Event "39th Citta Arco Open 2017"]
[Site "Arco"]
[Date "2017.10.09"]
[Round "2.7"]
[White "Behling, Robert"]
[Black "Vezzosi, Paolo"]
[Result "1/2-1/2"]
[WhiteElo "2081"]
[BlackElo "2299"]
[Annotator "ChessBase"]
[PlyCount "60"]
[EventType "swiss"]
[EventCountry "ITA"]
[TimeControl "40/5400+30:1800+30"]

1. c4 {[%emt 0:00:30]} e5 {[%emt 0:01:00]} 2. Nc3 {[%emt 0:00:00]} Bb4 {[%emt 0:02:30]} 3. Qc2 {[%emt 0:03:00]} Nf6 {[%emt 0:01:30]} 4. e3 {[%emt 0:01:30]} O-O {[%emt 0:00:30]} 5. Nge2 {[%emt 0:02:30]} Re8 {[%emt 0:02:30]} 6. a3 {[%emt 0:00:30]} Bf8 {[%emt 0:00:30]} 7. d4 {[%emt 0:07:30]} exd4 {[%emt 0:24:30]} 8. Nxd4 {[%emt 0:01:30]} d6 {[%emt 0:07:30]} 9. Bd3 {[%emt 0:03:30]} Nbd7 {[%emt 0:00:30]} 10. O-O {[%emt 0:03:30]} Ne5 {[%emt 0:03:30]} 11. Be2 {[%emt 0:00:30]} Bd7 {[%emt 0:04:30]} 12. b3 {[%emt 0:09:30]} c5 {[%emt 0:03:30]} 13. Nf3 {[%emt 0:03:30]} Bc6 {[%emt 0:00:30]} 14. Nxe5 {[%emt 0:00:30]} Rxe5 {[%emt 0:00:00]} 15. f3 {[%emt 0:02:30]} d5 {[%emt 0:03:00]} 16. cxd5 {[%emt 0:01:30]} Nxd5 {[%emt 0:00:30]} 17. Nxd5 {[%emt 0:00:30]} Rxd5 {[%emt 0:01:30]} 18. e4 {[%emt 0:00:30]} Rd7 {[%emt 0:02:30]} 19. Be3 {[%emt 0:00:30]} Qf6 {[%emt 0:07:30]} 20. Rad1 {[%emt 0:03:30]} Rc7 {[%emt 0:03:30]} 21. a4 {[%emt 0:02:30]} Re8 {[%emt 0:05:30]} 22. Bf2 {[%emt 0:05:30]} Bd6 {[%emt 0:02:30]} 23. Bc4 {[%emt 0:02:30]} b6 {[%emt 0:05:27]} 24. Bd5 {[%emt 0:02:30]} Qh6 {[%emt 0:05:10]} 25. g3 {[%emt 0:01:30]} Qg6 {[%emt 0:00:47]} 26. Bxc6 {[%emt 0:03:30]} Rxc6 {[%emt 0:00:04]} 27. Rd5 {[%emt 0:00:30]} h6 {[%emt 0:03:30]} 28. Rfd1 {[%emt 0:00:30]} Rec8 {[%emt 0:01:25]} 29. Qc4 {[%emt 0:02:30]} R8c7 {[%emt 0:02:00]} 30. Kg2 {[%emt 0:02:30]} Qe6 {[%emt 0:01:27]} 1/2-1/2

[Event "39th Citta Arco Open 2017"]
[Site "Arco"]
[Date "2017.10.09"]
[Round "2.8"]
[White "Molnar, Bela"]
[Black "Popa, Claudiu"]
[Result "1-0"]
[WhiteElo "2290"]
[BlackElo "2088"]
[Annotator "ChessBase"]
[PlyCount "51"]
[EventType "swiss"]
[EventCountry "ITA"]
[TimeControl "40/5400+30:1800+30"]

1. d4 {[%emt 0:00:30]} d5 {[%emt 0:01:00]} 2. c4 {[%emt 0:00:00]} e6 {[%emt 0:00:30]} 3. Nc3 {[%emt 0:00:00]} Nf6 {[%emt 0:00:30]} 4. cxd5 {[%emt 0:00:30]} exd5 {[%emt 0:00:30]} 5. Bg5 {[%emt 0:00:30]} Be7 {[%emt 0:00:30]} 6. e3 {[%emt 0:00:30]} c6 {[%emt 0:00:30]} 7. Bd3 {[%emt 0:00:30]} O-O {[%emt 0:00:30]} 8. Qc2 {[%emt 0:00:30]} Nbd7 {[%emt 0:00:30]} 9. Nge2 {[%emt 0:00:30]} Re8 {[%emt 0:01:30]} 10. O-O {[%emt 0:00:30]} Nf8 {[%emt 0:00:30]} 11. f3 {[%emt 0:03:30]} Nh5 {[%emt 0:11:30]} 12. Bxe7 {[%emt 0:02:30]} Qxe7 {[%emt 0:01:30]} 13. e4 {[%emt 0:00:30]} dxe4 {[%emt 0:05:30]} 14. fxe4 {[%emt 0:00:30]} Qg5 {[%emt 0:03:30]} 15. Kh1 {[%emt 0:00:30]} Ng6 {[%emt 0:02:30]} 16. e5 {[%emt 0:03:30]} Bg4 {[%emt 0:07:30]} 17. Ne4 {[%emt 0:02:30]} Qe3 {[%emt 0:04:30]} 18. Nd6 {[%emt 0:00:30]} Re7 {[%emt 0:08:30]} 19. Rae1 {[%emt 0:14:30]} Qh6 {[%emt 0:05:30]} 20. Qb3 {[%emt 0:09:30]} Be6 {[%emt 0:05:30]} 21. Bc4 {[%emt 0:06:30]} Qg5 {[%emt 0:28:34]} 22. Nxf7 {[%emt 0:03:30]} Bxf7 {[%emt 0:00:21]} 23. Bxf7+ {[%emt 0:00:30]} Kh8 {[%emt 0:00:13]} 24. Bxg6 {[%emt 0:02:30]} Qxg6 {[%emt 0:01:15]} 25. Qf3 {[%emt 0:00:30]} Kg8 {[%emt 0:03:01]} 26. g4 {[%emt 0:00:30]} 1-0

[Event "39th Citta Arco Open 2017"]
[Site "Arco"]
[Date "2017.10.10"]
[Round "2.9"]
[White "Mastroddi, Emiliano"]
[Black "Dittmar, Peter"]
[Result "1/2-1/2"]
[WhiteElo "2053"]
[BlackElo "2266"]
[Annotator "ChessBase"]
[PlyCount "74"]
[EventType "swiss"]
[EventCountry "ITA"]
[TimeControl "40/5400+30:1800+30"]

1. e4 {[%emt 0:00:30]} c6 {[%emt 0:05:00]} 2. d4 {[%emt 0:00:30]} d5 {[%emt 0:00:30]} 3. Nc3 {[%emt 0:00:30]} dxe4 {[%emt 0:00:30]} 4. Nxe4 {[%emt 0:00:30]} Nf6 {[%emt 0:00:30]} 5. Nxf6+ {[%emt 0:00:30]} exf6 {[%emt 0:00:30]} 6. c3 {[%emt 0:00:30]} Bd6 {[%emt 0:03:30]} 7. Bd3 {[%emt 0:03:30]} O-O {[%emt 0:00:00]} 8. Qc2 {[%emt 0:00:00]} Kh8 {[%emt 0:00:00]} 9. Ne2 {[%emt 0:01:00]} Re8 {[%emt 0:01:30]} 10. Be3 {[%emt 0:01:30]} Nd7 {[%emt 0:01:30]} 11. O-O-O {[%emt 0:04:30]} Nf8 {[%emt 0:00:30]} 12. Bf5 {[%emt 0:08:30]} Qa5 {[%emt 0:08:30]} 13. Bxc8 {[%emt 0:01:30]} Raxc8 {[%emt 0:00:30]} 14. Kb1 {[%emt 0:01:30]} c5 {[%emt 0:08:30]} 15. dxc5 {[%emt 0:08:30]} Bxc5 {[%emt 0:00:00]} 16. Bxc5 {[%emt 0:00:30]} Qxc5 {[%emt 0:00:00]} 17. Nd4 {[%emt 0:00:00]} Ne6 {[%emt 0:04:30]} 18. Rhe1 {[%emt 0:23:00]} g6 {[%emt 0:13:30]} 19. f3 {[%emt 0:09:30]} Re7 {[%emt 0:03:30]} 20. Nxe6 {[%emt 0:01:30]} fxe6 {[%emt 0:02:30]} 21. Re2 {[%emt 0:01:30]} Kg7 {[%emt 0:03:30]} 22. Red2 {[%emt 0:02:30]} Rcc7 {[%emt 0:00:30]} 23. Qe4 {[%emt 0:01:30]} Qc6 {[%emt 0:06:30]} 24. Qxc6 {[%emt 0:08:30]} Rxc6 {[%emt 0:00:30]} 25. Kc2 {[%emt 0:00:44]} e5 {[%emt 0:00:30]} 26. Rd5 {[%emt 0:02:10]} Rcc7 {[%emt 0:00:30]} 27. b3 {[%emt 0:00:22]} f5 {[%emt 0:02:30]} 28. c4 {[%emt 0:00:40]} e4 {[%emt 0:01:30]} 29. fxe4 {[%emt 0:00:59]} Rxe4 {[%emt 0:00:00]} 30. Rd7+ {[%emt 0:02:45]} Re7 {[%emt 0:02:00]} 31. Rxc7 {[%emt 0:00:57]} Rxc7 {[%emt 0:02:30]} 32. Rd6 {[%emt 0:04:07]} Kf7 {[%emt 0:00:30]} 33. Kd3 {[%emt 0:01:06]} Ke7 {[%emt 0:00:30]} 34. Rd5 {[%emt 0:00:37]} Rc6 {[%emt 0:01:30]} 35. Kd4 {[%emt 0:02:55]} Ke6 {[%emt 0:04:30]} 36. a4 {[%emt 0:07:27]} Rb6 {[%emt 0:02:30]} 37. Kc3 {[%emt 0:00:41]} Rc6 {[%emt 0:03:30]} 1/2-1/2

[Event "39th Citta Arco Open 2017"]
[Site "Arco"]
[Date "2017.10.09"]
[Round "2.10"]
[White "Luciani, Carlo"]
[Black "De Vita, Gianni"]
[Result "1-0"]
[WhiteElo "2261"]
[BlackElo "2058"]
[Annotator "ChessBase"]
[PlyCount "45"]
[EventType "swiss"]
[EventCountry "ITA"]
[TimeControl "40/5400+30:1800+30"]

1. e4 {[%emt 0:00:30]} c5 {[%emt 0:01:00]} 2. Nf3 {[%emt 0:00:00]} d6 {[%emt 0:01:30]} 3. d4 {[%emt 0:00:00]} cxd4 {[%emt 0:00:00]} 4. Nxd4 {[%emt 0:00:00]} Nf6 {[%emt 0:00:00]} 5. Nc3 {[%emt 0:00:00]} a6 {[%emt 0:01:30]} 6. Be2 {[%emt 0:00:30]} e5 {[%emt 0:01:30]} 7. Nb3 {[%emt 0:00:00]} Be6 {[%emt 0:01:30]} 8. O-O {[%emt 0:01:00]} Qc7 {[%emt 0:01:30]} 9. a4 {[%emt 0:07:30]} b6 {[%emt 0:02:30]} 10. f4 {[%emt 0:03:30]} Nbd7 {[%emt 0:06:30]} 11. Be3 {[%emt 0:04:30]} Bc4 {[%emt 0:07:30]} 12. Nd2 {[%emt 0:02:30]} Bxe2 {[%emt 0:01:30]} 13. Qxe2 {[%emt 0:00:30]} Nc5 {[%emt 0:10:30]} 14. Kh1 {[%emt 0:12:30]} Qb7 {[%emt 0:03:30]} 15. fxe5 {[%emt 0:07:30]} dxe5 {[%emt 0:02:30]} 16. Bg5 {[%emt 0:00:30]} Be7 {[%emt 0:05:30]} 17. Bxf6 {[%emt 0:00:30]} Bxf6 {[%emt 0:01:30]} 18. Nd5 {[%emt 0:00:30]} Nd7 {[%emt 0:21:30]} 19. Nc4 {[%emt 0:04:30]} O-O {[%emt 0:04:30]} 20. Ra3 {[%emt 0:03:30]} Bd8 {[%emt 0:05:24]} 21. Rc3 {[%emt 0:08:30]} b5 {[%emt 0:10:04]} 22. Nd6 {[%emt 0:02:30]} Qb8 {[%emt 0:05:38]} 23. Nf5 {[%emt 0:00:00]} 1-0

[Event "39th Citta Arco Open 2017"]
[Site "Arco"]
[Date "2017.10.09"]
[Round "2.11"]
[White "Deissenberger, Thomas"]
[Black "Ruecker, Benjamin"]
[Result "0-1"]
[WhiteElo "2032"]
[BlackElo "2261"]
[Annotator "ChessBase"]
[PlyCount "66"]
[EventType "swiss"]
[EventCountry "ITA"]
[TimeControl "40/5400+30:1800+30"]

1. e4 {[%emt 0:00:30]} g6 {[%emt 0:01:00]} 2. d4 {[%emt 0:00:00]} Bg7 {[%emt 0:00:00]} 3. Nc3 {[%emt 0:01:00]} c6 {[%emt 0:01:00]} 4. Nf3 {[%emt 0:05:30]} d6 {[%emt 0:00:30]} 5. Be3 {[%emt 0:05:30]} Nf6 {[%emt 0:02:30]} 6. h3 {[%emt 0:01:30]} Qa5 {[%emt 0:03:30]} 7. Nd2 {[%emt 0:07:30]} Nbd7 {[%emt 0:04:30]} 8. Be2 {[%emt 0:07:30]} O-O {[%emt 0:04:30]} 9. O-O {[%emt 0:01:30]} b5 {[%emt 0:04:30]} 10. a3 {[%emt 0:01:30]} Bb7 {[%emt 0:03:30]} 11. Nb3 {[%emt 0:04:30]} Qc7 {[%emt 0:00:30]} 12. f4 {[%emt 0:17:30]} a6 {[%emt 0:11:30]} 13. Bf3 {[%emt 0:03:30]} Rad8 {[%emt 0:07:30]} 14. Qe2 {[%emt 0:03:30]} e5 {[%emt 0:07:30]} 15. Rad1 {[%emt 0:02:30]} exd4 {[%emt 0:02:30]} 16. Nxd4 {[%emt 0:01:30]} Rfe8 {[%emt 0:00:30]} 17. g4 {[%emt 0:08:30]} Nc5 {[%emt 0:07:30]} 18. Qg2 {[%emt 0:01:30]} Nfxe4 {[%emt 0:10:30]} 19. Nxe4 {[%emt 0:01:30]} Nxe4 {[%emt 0:01:30]} 20. Bxe4 {[%emt 0:01:30]} d5 {[%emt 0:01:30]} 21. Bxg6 {[%emt 0:06:08]} hxg6 {[%emt 0:03:30]} 22. Qf2 {[%emt 0:05:10]} c5 {[%emt 0:01:30]} 23. Nf3 {[%emt 0:01:38]} d4 {[%emt 0:00:57]} 24. Bc1 {[%emt 0:00:30]} Qc6 {[%emt 0:02:04]} 25. Kg2 {[%emt 0:03:45]} c4 {[%emt 0:02:09]} 26. Kg3 {[%emt 0:01:28]} d3 {[%emt 0:03:01]} 27. cxd3 {[%emt 0:02:00]} Rxd3 {[%emt 0:00:11]} 28. Rxd3 {[%emt 0:01:42]} cxd3 {[%emt 0:00:06]} 29. Ne5 {[%emt 0:00:38]} Qd5 {[%emt 0:02:54]} 30. Qf3 {[%emt 0:03:08]} Rxe5 {[%emt 0:03:30]} 31. fxe5 {[%emt 0:00:36]} Bxe5+ {[%emt 0:00:13]} 32. Bf4 {[%emt 0:00:42]} Qxf3+ {[%emt 0:00:35]} 33. Rxf3 {[%emt 0:00:23]} Bxf3 {[%emt 0:00:00]} 0-1

[Event "39th Citta Arco Open 2017"]
[Site "Arco"]
[Date "2017.10.09"]
[Round "2.12"]
[White "Nazarenus, Moritz"]
[Black "Battistella, Stefano"]
[Result "1-0"]
[WhiteElo "2241"]
[BlackElo "2041"]
[Annotator "ChessBase"]
[PlyCount "61"]
[EventType "swiss"]
[EventCountry "ITA"]
[TimeControl "40/5400+30:1800+30"]

1. d4 {[%emt 0:00:30]} Nf6 {[%emt 0:01:00]} 2. c4 {[%emt 0:00:00]} d6 {[%emt 0:00:00]} 3. Nc3 {[%emt 0:00:00]} Bf5 {[%emt 0:00:00]} 4. f3 {[%emt 0:06:30]} e5 {[%emt 0:02:30]} 5. e4 {[%emt 0:02:30]} exd4 {[%emt 0:00:30]} 6. Qxd4 {[%emt 0:00:30]} Nc6 {[%emt 0:00:00]} 7. Qd1 {[%emt 0:00:30]} Be6 {[%emt 0:01:00]} 8. Be3 {[%emt 0:05:30]} g6 {[%emt 0:05:30]} 9. Bd3 {[%emt 0:02:30]} Ne5 {[%emt 0:04:30]} 10. Nge2 {[%emt 0:02:30]} Nfd7 {[%emt 0:12:30]} 11. b3 {[%emt 0:03:30]} Bh6 {[%emt 0:11:30]} 12. Bxh6 {[%emt 0:08:30]} Qh4+ {[%emt 0:00:00]} 13. Ng3 {[%emt 0:00:30]} Qxh6 {[%emt 0:00:00]} 14. Qd2 {[%emt 0:01:30]} Nxd3+ {[%emt 0:11:30]} 15. Qxd3 {[%emt 0:00:00]} O-O {[%emt 0:04:30]} 16. Qd2 {[%emt 0:04:00]} Qg7 {[%emt 0:13:30]} 17. O-O {[%emt 0:01:30]} f5 {[%emt 0:07:30]} 18. exf5 {[%emt 0:01:30]} Bxf5 {[%emt 0:00:30]} 19. Rae1 {[%emt 0:04:30]} Ne5 {[%emt 0:06:31]} 20. Nxf5 {[%emt 0:01:30]} gxf5 {[%emt 0:00:16]} 21. f4 {[%emt 0:12:30]} Nc6 {[%emt 0:00:51]} 22. Rf3 {[%emt 0:04:30]} Kh8 {[%emt 0:01:35]} 23. Rg3 {[%emt 0:01:30]} Qf6 {[%emt 0:08:25]} 24. Nd5 {[%emt 0:02:30]} Qd4+ {[%emt 0:00:24]} 25. Qxd4+ {[%emt 0:00:30]} Nxd4 {[%emt 0:00:02]} 26. Nxc7 {[%emt 0:01:30]} Rac8 {[%emt 0:01:16]} 27. Nd5 {[%emt 0:01:30]} b5 {[%emt 0:06:18]} 28. Re7 {[%emt 0:01:30]} Rfe8 {[%emt 0:00:50]} 29. Rge3 {[%emt 0:01:30]} Rxe7 {[%emt 0:00:39]} 30. Rxe7 {[%emt 0:00:00]} bxc4 {[%emt 0:00:16]} 31. Nf6 {[%emt 0:01:00]} 1-0